|
|
|
|
| LEADER |
00000nab a2200000 a 4500 |
| 001 |
vtls000784918 |
| 003 |
SK-MaSNL |
| 005 |
20260302154955.0 |
| 008 |
180205c2002 xo 0 slo |
| 015 |
|
|
|a SNBRB2002/02-07084
|
| 035 |
|
|
|a CLN000136589
|
| 040 |
|
|
|a SNKBUCL
|b slo
|c SNKBUCL
|e AACR2
|
| 041 |
0 |
|
|a slo
|
| 044 |
|
|
|a xo
|c SK
|
| 080 |
|
|
|a 32-051
|2 UDC-MRF-SK2
|
| 100 |
1 |
|
|a Vavro, Peter
|4 ain
|9 276044
|
| 245 |
1 |
0 |
|a Sme blázni, ak predáme SPP pod 200 miliárd
|b s predsedom Smeru a poslancom NR SR Robertom Ficom
|c [zhováral sa] Peter Vavro
|
| 300 |
|
|
|b Fotogr.
|
| 600 |
1 |
7 |
|a Fico, Robert,
|d 1964-
|2 snkbucl
|9 13683
|
| 655 |
|
7 |
|a články z novín a časopisov
|2 snkbucl
|9 267496
|
| 700 |
1 |
|
|a Fico, Robert,
|d 1964-
|4 aut
|4 uin
|9 13683
|
| 773 |
0 |
|
|t Národná obroda
|g Roč. 13, č. 45 (22.2.2002), s. 4
|
| 850 |
|
|
|a Slovenská národná knižnica v Martine
|
| 852 |
|
|
|a SNK
|b KIS3GCP
|
| 958 |
|
|
|a RBX
|
| 999 |
|
|
|c 1369972
|d 1371902
|